[Event "GBR-ch 65+ 106th"]
[Site "Torquay"]
[Date "2019.08.04"]
[Round "7.22"]
[White "Collins, Peter M"]
[Black "Dennis, Nigel W"]
[Result "0-1"]
[WhiteElo "1868"]
[BlackElo "1745"]
[PlyCount "50"]
[EventDate "2019.07.29"]
[EventType "swiss"]
[EventRounds "7"]
[EventCountry "ENG"]
[SourceTitle "EXT 2021"]
[Source "ChessBase"]
[SourceDate "2020.10.23"]
[SourceVersion "1"]
[SourceVersionDate "2020.10.23"]
[SourceQuality "1"]

1. d4 Nf6 2. Nf3 g6 3. c4 Bg7 4. Nc3 0-0 5. e4 d6 6. h3 Nbd7 7. Be2 e5 8. Be3 exd4 9. Bxd4 Re8 10. Qc2 b6 11. 0-0 Bb7 12. Bd3 Nc5 13. Bxc5 bxc5 14. Rfe1 Nd7 15. Qd2 Rb8 16. Rad1 Ne5 17. Nxe5 Bxe5 18. f4 Bd4+ 19. Kh1 a6 20. b3 Qh4 21. Ne2 Bf2 22. Rf1 Bxe4 23. Bxe4 Rxe4 24. Nc3 Rxf4 25. Nd5 Rf3 0-1

[Event "BCF-ch Seniors 65"]
[Site "Hull"]
[Date "2018.08.02"]
[Round "5"]
[White "Collins, Peter M"]
[Black "Procter, Colin S"]
[Result "1/2-1/2"]
[WhiteElo "1901"]
[BlackElo "1780"]
[PlyCount "56"]
[EventDate "2018.07.29"]
[EventType "swiss"]
[EventRounds "7"]
[EventCountry "ENG"]
[SourceTitle "CBM 185 Extra"]
[Source "ChessBase"]
[SourceDate "2018.07.29"]
[SourceVersion "1"]
[SourceVersionDate "2018.07.29"]
[SourceQuality "1"]

1. c4 e6 2. Nc3 d5 3. cxd5 exd5 4. d4 c6 5. g3 Nf6 6. Bg2 Bf5 7. Nf3 Bd6 8. Nh4 Be6 9. Qc2 h6 10. Nf5 Bxf5 11. Qxf5 Qd7 12. Qf3 0-0 13. Bxh6 Qg4 14. Qxg4 Nxg4 15. Bd2 Na6 16. a3 Nc7 17. 0-0 Rfe8 18. e3 Ne6 19. Rac1 Nf6 20. h4 Nf8 21. Na4 Ne4 22. Be1 Nd7 23. Nc3 Ndf6 24. Nxe4 Nxe4 25. Bxe4 Rxe4 26. Bb4 Bxb4 27. axb4 a6 28. Rc5 Rae8 1/2-1/2

[Event "BCF-ch Seniors 65"]
[Site "Llandudno"]
[Date "2017.08.03"]
[Round "5"]
[White "Goodwin, Ed H"]
[Black "Collins, Peter M"]
[Result "1/2-1/2"]
[WhiteElo "1856"]
[BlackElo "1954"]
[PlyCount "84"]
[EventDate "2017.07.30"]
[EventType "swiss"]
[EventRounds "7"]
[EventCountry "WLS"]
[SourceTitle "CBM 179 Extra"]
[Source "ChessBase"]
[SourceDate "2017.08.23"]
[SourceVersion "1"]
[SourceVersionDate "2017.08.23"]
[SourceQuality "1"]

1. d4 Nf6 2. Bf4 g6 3. e3 Bg7 4. Nf3 d6 5. Bc4 0-0 6. h3 a6 7. a4 b6 8. 0-0 e6 9. Nbd2 Bb7 10. c3 Nc6 11. Qe2 Ne7 12. Bd3 Nh5 13. Bg5 f6 14. Bh4 Bh6 15. g4 Ng7 16. Be4 d5 17. Bd3 g5 18. Bg3 Ng6 19. h4 gxh4 20. Nxh4 Nxh4 21. Bxh4 Bg5 22. Bxg5 fxg5 23. f3 Qe7 24. Qh2 Ne8 25. Kf2 Rf7 26. Rh1 Rg7 27. Qe5 Nf6 28. Ke2 Rf8 29. Rh3 Rff7 30. Rah1 Qd6 31. Qxd6 cxd6 32. Rh6 e5 33. Bf5 e4 34. Be6 exf3+ 35. Nxf3 Ne4 36. R1h3 Bc6 37. Bxf7+ Rxf7 38. R6h5 Bd7 39. Nxg5 Bxg4+ 40. Ke1 Bxh5 41. Nxe4 dxe4 42. Rxh5 Rf6 1/2-1/2

[Event "GBR-ch Morning op 104th"]
[Site "Llandudno"]
[Date "2017.08.01"]
[Round "2"]
[White "Collins, Peter M"]
[Black "Graff, Ben"]
[Result "1/2-1/2"]
[WhiteElo "1954"]
[BlackElo "1824"]
[PlyCount "28"]
[EventDate "2017.07.31"]
[EventType "swiss"]
[EventRounds "5"]
[EventCountry "WLS"]
[SourceTitle "EXT 2018"]
[Source "ChessBase"]
[SourceDate "2017.10.13"]
[SourceVersion "1"]
[SourceVersionDate "2017.10.13"]
[SourceQuality "1"]

1. d4 Nf6 2. Nf3 e6 3. e3 c5 4. Bd3 Nc6 5. 0-0 Be7 6. b3 0-0 7. Bb2 d5 8. Nbd2 cxd4 9. exd4 Nd7 10. a3 Bf6 11. c4 e5 12. cxd5 Nxd4 13. Nxd4 exd4 14. Nf3 Nb6 1/2-1/2

[Event "BCF-ch Seniors 65"]
[Site "Llandudno"]
[Date "2017.07.31"]
[Round "2"]
[White "Collins, Peter M"]
[Black "Ribbands, Patrick C"]
[Result "1/2-1/2"]
[WhiteElo "1954"]
[BlackElo "1755"]
[PlyCount "57"]
[EventDate "2017.07.30"]
[EventType "swiss"]
[EventRounds "7"]
[EventCountry "WLS"]
[SourceTitle "CBM 179 Extra"]
[Source "ChessBase"]
[SourceDate "2017.08.23"]
[SourceVersion "1"]
[SourceVersionDate "2017.08.23"]
[SourceQuality "1"]

1. d4 g6 2. e4 Bg7 3. Nc3 d6 4. f4 Nd7 5. Nf3 e6 6. Bd3 Ne7 7. Be3 0-0 8. Qd2 a6 9. a4 f5 10. e5 h6 11. h3 Nb6 12. Bf2 dxe5 13. dxe5 Nbd5 14. Nxd5 Qxd5 15. 0-0 b6 16. Qc3 Qc6 17. Qxc6 Nxc6 18. c3 Re8 19. Rfd1 Bf8 20. b4 Bb7 21. Bc4 Nb8 22. Rd2 c5 23. bxc5 bxc5 24. Rad1 Bc6 25. Bb3 Kf7 26. Nh2 Be7 27. Bc2 Ra7 28. Rb1 Nd7 29. Nf1 1/2-1/2

[Event "BCF-ch Seniors 50"]
[Site "Bournemouth"]
[Date "2016.08.04"]
[Round "6"]
[White "Collins, Peter M"]
[Black "Hackman, Paul"]
[Result "1-0"]
[WhiteElo "1964"]
[BlackElo "2015"]
[PlyCount "51"]
[EventDate "2016.07.30"]
[EventType "swiss"]
[EventRounds "7"]
[EventCountry "ENG"]
[SourceTitle "CBM 173 Extra"]
[Source "ChessBase"]
[SourceDate "2016.08.29"]
[SourceVersion "1"]
[SourceVersionDate "2016.08.29"]
[SourceQuality "1"]

1. Nf3 e6 2. g3 f5 3. d4 Nf6 4. Bg2 d5 5. b3 Bd6 6. Bb2 0-0 7. 0-0 Nbd7 8. Nbd2 Ne4 9. c4 c6 10. c5 Bc7 11. b4 b6 12. a3 Qe8 13. cxb6 axb6 14. Rc1 Bb7 15. Nxe4 fxe4 16. Nd2 e5 17. Nb3 Rc8 18. e3 exd4 19. Bxd4 Qe6 20. Qh5 Rcd8 21. Bh3 Qf7 22. Qxf7+ Kxf7 23. f3 exf3 24. Rxf3+ Kg8 25. Be6+ Kh8 26. Bxd5 1-0

[Event "BCF-ch Seniors 50"]
[Site "Bournemouth"]
[Date "2016.07.31"]
[Round "2"]
[White "Calvert, John C"]
[Black "Collins, Peter M"]
[Result "0-1"]
[WhiteElo "1552"]
[BlackElo "1964"]
[PlyCount "94"]
[EventDate "2016.07.30"]
[EventType "swiss"]
[EventRounds "7"]
[EventCountry "ENG"]
[SourceTitle "CBM 173 Extra"]
[Source "ChessBase"]
[SourceDate "2016.08.29"]
[SourceVersion "1"]
[SourceVersionDate "2016.08.29"]
[SourceQuality "1"]

1. e4 e6 2. d4 d5 3. e5 c5 4. c3 Nc6 5. Nf3 Bd7 6. Be2 f6 7. 0-0 Qc7 8. exf6 Nxf6 9. Re1 0-0-0 10. Nbd2 h6 11. h3 g5 12. Nf1 Bd6 13. Be3 Ne4 14. dxc5 Bxc5 15. Bxc5 Nxc5 16. Qc2 e5 17. Rad1 Be6 18. b3 g4 19. hxg4 Bxg4 20. N3h2 Bxe2 21. Rxe2 Kb8 22. Nf3 Qg7 23. N1h2 Rhg8 24. g3 e4 25. Nd4 Nxd4 26. Rxd4 h5 27. Red2 Nd3 28. Rd1 h4 29. Nf1 hxg3 30. fxg3 Qe5 31. Qg2 Nf4 32. Qc2 Ne6 33. R4d2 Ng5 34. Kg2 Qf5 35. Rf2 Qh3+ 36. Kg1 Nf3+ 37. Rxf3 exf3 38. Qf2 Qg4 39. Rd4 Qf5 40. Rd1 Rh8 41. Rd4 Rdg8 42. Rd1 Rh3 43. Rd4 Rgh8 44. Nh2 Rxh2 45. Qxh2 Rxh2 46. Kxh2 f2 47. Kg2 f1Q+ 0-1

[Event "BCF-ch Seniors 50"]
[Site "Coventry"]
[Date "2015.08.07"]
[Round "6"]
[White "Collins, Peter M"]
[Black "Reuben, Stewart"]
[Result "0-1"]
[WhiteElo "2002"]
[BlackElo "2058"]
[PlyCount "65"]
[EventDate "2015.08.02"]
[EventType "swiss"]
[EventRounds "6"]
[EventCountry "ENG"]
[SourceTitle "CBM 167 Extra"]
[Source "ChessBase"]
[SourceDate "2015.09.14"]
[SourceVersion "1"]
[SourceVersionDate "2015.09.14"]
[SourceQuality "1"]

1. d4 Nf6 2. c4 e6 3. Nc3 Bb4 4. Qc2 c5 5. a3 Bxc3+ 6. bxc3 Nc6 7. e3 b6 8. Nf3 Ba6 9. Bd3 Na5 10. Qe2 Rc8 11. d5 exd5 12. cxd5 c4 13. Bc2 Nxd5 14. Bb2 0-0 15. 0-0 Bb7 16. Rad1 Qf6 17. Nd4 Rfe8 18. Qg4 d6 19. Qf5 Qxf5 20. Bxf5 Rc5 21. a4 Nb3 22. Nb5 Bc6 23. e4 Bxb5 24. axb5 g6 25. exd5 gxf5 26. Ba3 Rxb5 27. Bxd6 Rd8 28. Be7 Rdxd5 29. Bf6 h5 30. Rde1 Kh7 31. f4 Nd2 32. Re8 Nxf1 33. Kxf1 0-1

[Event "BCF-ch Seniors 50"]
[Site "Coventry"]
[Date "2015.08.06"]
[Round "5"]
[White "Horlock, Peter J"]
[Black "Collins, Peter M"]
[Result "1/2-1/2"]
[WhiteElo "1600"]
[BlackElo "2002"]
[PlyCount "125"]
[EventDate "2015.08.02"]
[EventType "swiss"]
[EventRounds "6"]
[EventCountry "ENG"]
[SourceTitle "CBM 167 Extra"]
[Source "ChessBase"]
[SourceDate "2015.09.14"]
[SourceVersion "1"]
[SourceVersionDate "2015.09.14"]
[SourceQuality "1"]

1. e4 e6 2. d4 d5 3. exd5 exd5 4. Nf3 Bd6 5. Be2 Nc6 6. c3 Bf5 7. Be3 Qd7 8. Nbd2 Nf6 9. h3 0-0-0 10. Qa4 Rde8 11. 0-0-0 Kb8 12. Bb5 a6 13. Bxc6 Qxc6 14. Qxc6 bxc6 15. Nb3 h6 16. Na5 Bd7 17. a3 Ne4 18. c4 dxc4 19. Nxc4 Be6 20. Na5 Bd5 21. Rd3 f5 22. Ne5 Bxe5 23. dxe5 Rxe5 24. Bd4 Re7 25. Rhd1 Rhe8 26. f3 Nd6 27. Bc5 Re1 28. Rxe1 Rxe1+ 29. Kd2 Re8 30. Rd4 Kc8 31. Rh4 Kd7 32. Bd4 Re7 33. Bc5 Re6 34. Rb4 Rg6 35. g4 Bxf3 36. Ke3 fxg4 37. hxg4 Bxg4 38. Bxd6 Kxd6 39. Rd4+ Ke7 40. Nxc6+ Rxc6 41. Rxg4 g5 42. Rg2 Kf6 43. Ke4 h5 44. Rf2+ Kg6 45. Rd2 Re6+ 46. Kf3 Rb6 47. Rc2 Rb3+ 48. Kg2 c5 49. Rxc5 Rxb2+ 50. Kg1 Rb6 51. a4 h4 52. a5 Rd6 53. Rc8 Kh5 54. Rc4 Rd5 55. Ra4 h3 56. Kh2 g4 57. Ra2 Kh4 58. Ra4 Rd2+ 59. Kh1 Rf2 60. Kg1 Rc2 61. Kh1 h2 62. Ra3 g3 63. Rxg3 1/2-1/2

[Event "BCF-ch Seniors 50"]
[Site "Coventry"]
[Date "2015.08.05"]
[Round "4"]
[White "Collins, Peter M"]
[Black "Bryant, Richard BE"]
[Result "1/2-1/2"]
[WhiteElo "2002"]
[BlackElo "1947"]
[PlyCount "61"]
[EventDate "2015.08.02"]
[EventType "swiss"]
[EventRounds "6"]
[EventCountry "ENG"]
[SourceTitle "CBM 167 Extra"]
[Source "ChessBase"]
[SourceDate "2015.09.14"]
[SourceVersion "1"]
[SourceVersionDate "2015.09.14"]
[SourceQuality "1"]

1. c4 e6 2. Nc3 d5 3. cxd5 exd5 4. d4 c6 5. Nf3 Bf5 6. Bf4 Bd6 7. Bxd6 Qxd6 8. Qb3 b6 9. e3 Nd7 10. Nh4 Bg4 11. h3 Bh5 12. Bd3 Qf6 13. Nxd5 Qxh4 14. Nc7+ Kd8 15. Nxa8 Ne7 16. Qa3 Nc8 17. Rc1 Qg5 18. g4 Bg6 19. Rg1 Re8 20. Bxg6 hxg6 21. Rxc6 Qd5 22. Qc3 Ne7 23. Nc7 Qxc6 24. Qxc6 Nxc6 25. Nxe8 Kxe8 26. Ke2 Nf6 27. Rc1 Kd7 28. a3 b5 29. Rc5 a6 30. f4 Ne4 31. Rc2 1/2-1/2

[Event "BCF-ch Week2 AM op"]
[Site "Coventry"]
[Date "2015.08.05"]
[Round "3"]
[White "Collins, Peter M"]
[Black "Pink, Joshua"]
[Result "0-1"]
[WhiteElo "2002"]
[BlackElo "1826"]
[PlyCount "94"]
[EventDate "2015.08.03"]
[EventType "swiss"]
[EventRounds "5"]
[EventCountry "ENG"]
[SourceTitle "CBM 167 Extra"]
[Source "ChessBase"]
[SourceDate "2015.09.14"]
[SourceVersion "1"]
[SourceVersionDate "2015.09.14"]
[SourceQuality "1"]

1. c4 Nf6 2. Nc3 e6 3. g3 d5 4. cxd5 exd5 5. Bg2 c6 6. d4 Bd6 7. Nf3 Nbd7 8. 0-0 0-0 9. a3 Re8 10. b4 a6 11. Na4 b5 12. Nc5 Nxc5 13. dxc5 Bc7 14. Bb2 Nd7 15. e3 Ne5 16. Nd4 Qf6 17. Qb3 Qh6 18. Ne2 Bh3 19. Bxe5 Bxe5 20. Rad1 Re6 21. Nd4 Bxd4 22. Rxd4 Bxg2 23. Kxg2 Rae8 24. Rh4 Qg6 25. Qb1 Re4 26. Rxe4 Qxe4+ 27. Qxe4 Rxe4 28. Rd1 f5 29. Rd3 Rc4 30. h3 Kf7 31. Kf3 Kf6 32. Ke2 a5 33. Rb3 a4 34. Rd3 Ke5 35. f3 Rc2+ 36. Rd2 Rxd2+ 37. Kxd2 d4 38. Kd3 dxe3 39. Kxe3 Kd5 40. Kd3 Ke5 41. Ke3 f4+ 42. gxf4+ Kf5 43. h4 g6 44. Kd3 Kxf4 45. Kd4 h6 46. Kd3 Kxf3 47. Kd4 Kf4 0-1

[Event "BCF-ch Seniors"]
[Site "Aberystwyth"]
[Date "2014.08.01"]
[Round "7"]
[White "Collins, Peter M"]
[Black "Lawson, Maurice Elliot"]
[Result "0-1"]
[WhiteElo "2033"]
[BlackElo "1926"]
[PlyCount "82"]
[EventDate "2014.07.26"]
[EventType "swiss"]
[EventRounds "7"]
[EventCountry "WLS"]
[SourceTitle "EXT 2017"]
[Source "ChessBase"]
[SourceDate "2016.10.25"]
[SourceVersion "1"]
[SourceVersionDate "2016.10.25"]
[SourceQuality "1"]

1. d4 d5 2. Nf3 Nf6 3. Bf4 c6 4. e3 Bf5 5. Be2 e6 6. Nh4 Bg6 7. Nd2 Be7 8. Nxg6 hxg6 9. h3 Bd6 10. Bxd6 Qxd6 11. c3 Nbd7 12. Qb3 Rb8 13. Qb4 Ke7 14. Qxd6+ Kxd6 15. b4 Rbc8 16. 0-0 g5 17. f3 e5 18. dxe5+ Nxe5 19. c4 Ke7 20. f4 gxf4 21. exf4 Nxc4 22. Bxc4 dxc4 23. Rfe1+ Kf8 24. Nxc4 Rh4 25. Nd6 Rc7 26. g3 Rxh3 27. Kg2 Rh5 28. Rad1 Rd5 29. Rxd5 cxd5 30. Re2 a6 31. a3 g6 32. Kf3 b6 33. g4 Rc6 34. Nb7 Rc3+ 35. Re3 d4 36. Rxc3 dxc3 37. Ke2 Ke7 38. a4 Kd7 39. b5 a5 40. Kd3 Nd5 41. f5 g5 0-1

[Event "BCF-ch Seniors"]
[Site "Aberystwyth"]
[Date "2014.07.31"]
[Round "6"]
[White "Calvert, David Ian"]
[Black "Collins, Peter M"]
[Result "0-1"]
[WhiteElo "1973"]
[BlackElo "2033"]
[PlyCount "50"]
[EventDate "2014.07.26"]
[EventType "swiss"]
[EventRounds "7"]
[EventCountry "WLS"]
[SourceTitle "EXT 2017"]
[Source "ChessBase"]
[SourceDate "2016.10.25"]
[SourceVersion "1"]
[SourceVersionDate "2016.10.25"]
[SourceQuality "1"]

1. b3 d5 2. Bb2 Nf6 3. Nf3 Bf5 4. c4 e6 5. g3 h6 6. Bg2 Be7 7. 0-0 c6 8. d3 0-0 9. Nbd2 Nbd7 10. Ne5 Nxe5 11. Bxe5 Nd7 12. Bc3 Bf6 13. Qc2 d4 14. Bb2 Qc7 15. b4 Rad8 16. a4 c5 17. bxc5 Nxc5 18. Nb3 b6 19. a5 Nxb3 20. Qxb3 Rb8 21. Qa4 Rfd8 22. axb6 axb6 23. Ba3 e5 24. Qc6 Qxc6 25. Bxc6 Bg4 0-1

[Event "BCF-ch Seniors"]
[Site "Aberystwyth"]
[Date "2014.07.28"]
[Round "3"]
[White "Ewart, Brian R"]
[Black "Collins, Peter M"]
[Result "0-1"]
[WhiteElo "1889"]
[BlackElo "2033"]
[PlyCount "98"]
[EventDate "2014.07.26"]
[EventType "swiss"]
[EventRounds "7"]
[EventCountry "WLS"]
[SourceTitle "EXT 2017"]
[Source "ChessBase"]
[SourceDate "2016.10.25"]
[SourceVersion "1"]
[SourceVersionDate "2016.10.25"]
[SourceQuality "1"]

1. d4 Nf6 2. c4 g6 3. Nc3 Bg7 4. e4 d6 5. Bg5 0-0 6. f4 h6 7. Bh4 c5 8. d5 Qa5 9. Qd2 Re8 10. Bd3 a6 11. Nf3 Bg4 12. e5 Nh7 13. e6 f5 14. 0-0 Bxf3 15. Rxf3 b5 16. h3 bxc4 17. Bxc4 Qb4 18. Qe2 Ra7 19. Be1 Qb6 20. Kh2 a5 21. Bb5 Rd8 22. Na4 Qc7 23. Rc1 Nf6 24. Nc3 Kh7 25. Rf1 Qb7 26. Rd1 Na6 27. a3 Nc7 28. Bc4 Rb8 29. b3 Qc8 30. g4 fxg4 31. hxg4 Qh8 32. Bd3 Rxb3 33. Bxg6+ Kg8 34. Rd3 Rab7 35. g5 Rb2 36. Bd2 hxg5+ 37. Rh3 Qxh3+ 38. Kxh3 g4+ 39. Kh4 R7b3 40. Bf7+ Kf8 41. Qd3 Nb5 42. Re1 Nd4 43. Qa6 Rb8 44. Qd3 Rxd2 45. Rb1 Rd8 46. Qa6 Bh6 47. Bg6 Kg7 48. Qb7 Kxg6 49. Qxe7 Nf5# 0-1

[Event "BCF-ch Senior"]
[Site "Torquay"]
[Date "2013.08.08"]
[Round "6.76"]
[White "Collins, Peter M"]
[Black "Young, Melvyn Jack"]
[Result "0-1"]
[WhiteElo "2058"]
[BlackElo "1889"]
[PlyCount "88"]
[EventDate "2013.08.03"]
[EventType "swiss"]
[EventRounds "7"]
[EventCountry "ENG"]
[SourceTitle "EXT 2023"]
[Source "ChessBase"]
[SourceDate "2022.10.05"]
[SourceVersion "1"]
[SourceVersionDate "2022.10.05"]
[SourceQuality "1"]

1. d4 c5 2. e3 f5 3. Nf3 Nf6 4. c4 e6 5. Nc3 cxd4 6. exd4 Bb4 7. Bd2 0-0 8. a3 Bxc3 9. Bxc3 d5 10. cxd5 exd5 11. Be2 Nc6 12. 0-0 Ne4 13. Rc1 Qb6 14. b4 Be6 15. Bb2 Rac8 16. Qd3 Na5 17. Ne5 Nc4 18. Nxc4 dxc4 19. Qe3 Bd5 20. f3 f4 21. Qxe4 Bxe4 22. fxe4 Qg6 23. Bf3 Rc7 24. Bc3 Re8 25. Rfe1 Rce7 26. e5 b5 27. d5 Kf8 28. d6 Re6 29. Bd4 Rd8 30. Bc5 Rd7 31. Bc6 Ke8 32. Bxa7 f3 33. g3 Qd3 34. Bxd7+ Kxd7 35. Bf2 Qf5 36. Bd4 Qd3 37. Rcd1 Qc2 38. Bf2 Rxe5 39. Rxe5 Qxd1+ 40. Re1 Qxd6 41. Re3 Qd1+ 42. Re1 Qd5 43. Be3 c3 44. Kf2 c2 0-1

[Event "BCF-ch Senior"]
[Site "Torquay"]
[Date "2013.08.06"]
[Round "4.58"]
[White "Collins, Peter M"]
[Black "Povah, Nigel Edward"]
[Result "0-1"]
[WhiteElo "2058"]
[BlackElo "2284"]
[PlyCount "116"]
[EventDate "2013.08.03"]
[EventType "swiss"]
[EventRounds "7"]
[EventCountry "ENG"]
[SourceTitle "EXT 2023"]
[Source "ChessBase"]
[SourceDate "2022.10.05"]
[SourceVersion "1"]
[SourceVersionDate "2022.10.05"]
[SourceQuality "1"]

1. d4 Nf6 2. Nf3 e6 3. e3 c5 4. Bd3 b6 5. 0-0 Bb7 6. b3 Be7 7. Bb2 0-0 8. Nbd2 d6 9. Qe2 a6 10. a4 Nbd7 11. c4 Re8 12. Rfe1 Bf8 13. Bc2 Qc7 14. Rad1 Rad8 15. e4 cxd4 16. Bxd4 e5 17. Bb2 b5 18. axb5 axb5 19. Bd3 b4 20. Nf1 Nc5 21. Qc2 Ra8 22. Bc1 Bc6 23. Ng3 Qb7 24. Bg5 Nfd7 25. Rb1 Ra3 26. Bc1 Ra5 27. Nh4 Rea8 28. Qe2 Ra1 29. Rxa1 Rxa1 30. Bc2 Nf6 31. f3 Ra2 32. Qd1 g6 33. Bb1 Ra1 34. Bb2 Ra5 35. Nf1 Qb6 36. Kh1 Ne6 37. g3 Nd7 38. Ne3 Bh6 39. Nd5 Bxd5 40. exd5 Nec5 41. Ng2 Ra8 42. Bc2 Nb7 43. Qe2 f5 44. f4 Bg7 45. Nh4 e4 46. Bxg7 Kxg7 47. g4 Qd8 48. g5 Ra2 49. Qd1 Qb6 50. Re2 Kg8 51. Ng2 Qa7 52. Qd2 Qa3 53. Qe3 Nbc5 54. Ne1 Nxb3 55. Bxe4 Rxe2 56. Qxe2 fxe4 57. Qxe4 Nbc5 58. Qe8+ Nf8 0-1

[Event "BCF-ch Senior"]
[Site "Torquay"]
[Date "2013.08.05"]
[Round "3.55"]
[White "Norman, Kenneth I"]
[Black "Collins, Peter M"]
[Result "1-0"]
[WhiteElo "2172"]
[BlackElo "2085"]
[PlyCount "133"]
[EventDate "2013.08.03"]
[EventType "swiss"]
[EventRounds "7"]
[EventCountry "ENG"]
[SourceTitle "EXT 2023"]
[Source "ChessBase"]
[SourceDate "2022.10.05"]
[SourceVersion "1"]
[SourceVersionDate "2022.10.05"]
[SourceQuality "1"]

1. Nf3 Nf6 2. c4 c5 3. g3 Nc6 4. Bg2 g6 5. 0-0 Bg7 6. d4 cxd4 7. Nxd4 0-0 8. Nc3 Nxd4 9. Qxd4 d6 10. Qd3 Nd7 11. b3 Nc5 12. Qd2 a5 13. Bb2 Bd7 14. Rad1 Bc6 15. Nd5 Bxd5 16. Bxd5 Bxb2 17. Qxb2 Qc7 18. h4 Rab8 19. h5 e6 20. Bf3 Qe7 21. Qc3 b6 22. Rd2 e5 23. hxg6 hxg6 24. Bd5 Ne6 25. Qd3 Rbd8 26. Rfd1 Kg7 27. Qe3 Rh8 28. Qxb6 Nd4 29. e3 Nf5 30. Qb7 Qf6 31. Bg2 Qg5 32. Qf3 Rhe8 33. Rd5 e4 34. Qf4 Qxf4 35. gxf4 Ra8 36. Bh3 Nh4 37. f5 gxf5 38. Bxf5 Nxf5 39. Rxf5 Re6 40. Rdd5 a4 41. Ra5 Rxa5 42. Rxa5 axb3 43. axb3 Rg6+ 44. Kf1 Kf6 45. b4 Rg8 46. Rd5 Ke6 47. Ke2 Ra8 48. b5 Ra2+ 49. Kf1 Rb2 50. Kg2 Rb4 51. Rd4 f5 52. Kg3 Ke5 53. Rd5+ Ke6 54. Kf4 Rxc4 55. Rxf5 d5 56. Rh5 Rb4 57. Rh6+ Kd7 58. b6 Rb2 59. Ke5 Rxf2 60. Kxd5 Rb2 61. Kxe4 Rb4+ 62. Kf5 Rb5+ 63. Kf4 Rb4+ 64. e4 Kc8 65. Kf5 Kb7 66. e5 Rb5 67. Rd6 1-0

[Event "BCF-ch Senior"]
[Site "Torquay"]
[Date "2013.08.03"]
[Round "1.78"]
[White "Collins, Peter M"]
[Black "Moore, Gillian A"]
[Result "1-0"]
[WhiteElo "2058"]
[BlackElo "1836"]
[PlyCount "59"]
[EventDate "2013.08.03"]
[EventType "swiss"]
[EventRounds "7"]
[EventCountry "ENG"]
[SourceTitle "EXT 2023"]
[Source "ChessBase"]
[SourceDate "2022.10.05"]
[SourceVersion "1"]
[SourceVersionDate "2022.10.05"]
[SourceQuality "1"]

1. d4 Nc6 2. e3 e5 3. c3 d5 4. Nd2 Nf6 5. Ngf3 e4 6. Ng5 h6 7. Nh3 a6 8. c4 Bf5 9. Nf4 dxc4 10. Bxc4 Qd7 11. a3 Bd6 12. Ne2 b5 13. Bb3 0-0 14. Nf1 Rfe8 15. Nfg3 Bg6 16. Bd2 Kh7 17. Rc1 b4 18. Ba4 Bxg3 19. Bxc6 Bxf2+ 20. Kxf2 Ng4+ 21. Ke1 Qf5 22. Nf4 Bh5 23. Rc5 Ne5 24. Qxh5 Nd3+ 25. Nxd3 Qxh5 26. Rxh5 exd3 27. Bxa8 Rxa8 28. Bxb4 g6 29. Rc5 Re8 30. Kd2 1-0

[Event "BCF-ch Senior"]
[Site "North Shields"]
[Date "2012.08.03"]
[Round "7.12"]
[White "McDonald, Ian1111"]
[Black "Collins, Peter M"]
[Result "1/2-1/2"]
[WhiteElo "1776"]
[BlackElo "2071"]
[PlyCount "41"]
[EventDate "2012.07.28"]
[EventType "swiss"]
[EventRounds "7"]
[EventCountry "ENG"]
[SourceTitle "EXT 2023"]
[Source "ChessBase"]
[SourceDate "2022.10.05"]
[SourceVersion "1"]
[SourceVersionDate "2022.10.05"]
[SourceQuality "1"]

1. e4 e6 2. d4 d5 3. exd5 exd5 4. Nf3 Bd6 5. Bd3 Bg4 6. 0-0 Nc6 7. c3 Qd7 8. a4 Nge7 9. Na3 h6 10. Nb5 0-0 11. Nxd6 Qxd6 12. b4 Ng6 13. Be2 Rae8 14. Re1 Re6 15. h3 Bxf3 16. Bxf3 Rfe8 17. Rxe6 Qxe6 18. Bd2 Nh4 19. g3 Nxf3+ 20. Qxf3 Qe4 21. Qxe4 1/2-1/2

[Event "BCF-ch Senior"]
[Site "North Shields"]
[Date "2012.07.29"]
[Round "2.8"]
[White "Collins, Peter M"]
[Black "LeMoir, David A"]
[Result "1/2-1/2"]
[WhiteElo "2071"]
[BlackElo "2057"]
[PlyCount "26"]
[EventDate "2012.07.28"]
[EventType "swiss"]
[EventRounds "7"]
[EventCountry "ENG"]
[SourceTitle "EXT 2023"]
[Source "ChessBase"]
[SourceDate "2022.10.05"]
[SourceVersion "1"]
[SourceVersionDate "2022.10.05"]
[SourceQuality "1"]

1. d4 d5 2. Nf3 Nc6 3. e3 Bg4 4. Be2 e6 5. 0-0 Nf6 6. b3 Bd6 7. c4 Ne4 8. c5 Bxf3 9. cxd6 Bxe2 10. dxc7 Bxd1 11. cxd8Q+ Kxd8 12. Rxd1 Rc8 13. Ba3 Kd7 1/2-1/2